| 000 | 00555nam a22001817a 4500 | ||
|---|---|---|---|
| 005 | 20251108172746.0 | ||
| 008 | 250721s1996 xx 000 0 ara d | ||
| 082 | 1 | 4 | _a371.26/كرز |
| 100 | 1 |
_aكرزون، أحمد حسن _eمؤلف |
|
| 245 | 1 | 0 | _aالغش في الإختيار خيانة وإنهيار / |
| 264 | 1 |
_aبيروت : _bدار إبن حزم، _c1996. |
|
| 300 | _a95ص | ||
| 650 | 1 | 7 | _aالتربية |
| 650 | 1 | 7 | _aالإختبارات والقياسات التربوية |
| 650 | 1 | 7 | _aالغش |
| 942 |
_2ddc _cBK |
||
| 999 |
_c87750 _d87750 |
||